Statistiques concernant Football quiz N°12

Cliquez ici pour prendre le quiz!

Statistiques générales

  • Ce quiz a été pris 112 fois
  • Le résultat moyen est 4 sur 15

Statistiques - réponses

QuestionsRéponses% Correct
Meilleur joueur de Montpellier depuis 3 ansSavanier
72%
Joueur transféré de la Roma a L'om en 2018Kevin Strootman
62%
Meilleur Buteur all-time du BenficaEusébio
51%
Il a insulter Zlatan Ibrahimovic lors d'un classico OM-PSGJoey Barton
49%
Joueur le plus capé de la sélection AllemandeLothar Matthaus
32%
Premier Club de BerbatovCSKA Sofia
24%
Contre qui l'Angleterre a perdu 7-1 en 1954Hongrie
18%
Ailier Luxembourgeois qui a évolué a Troyes en 2021-2022Gelson Rodrigues
14%
Crack Marocain qui évolue a GenkBilal El Khannouss
12%
Contre qui Payet a mis une reprise de volée en 1 touche lors de la saison 2018-2019Guingamp
9%
Quel club a réussi a faire un quadruplé inédit dans le footPSG
8%
Buteur Italien passé par Cremonese, Sampdoria et la JuventusGianluca Vialli
2%
Joueur qui a inscrit un des plus beau but en solo contre la BelgiqueAl-Owairan
0%
Meilleur buteur Ligue Europa saison 2021-2022James Tavernier
0%
Joueur le plus jeune a participer a un match de coupe du mondeNorman Whiteside
0%

Distribution des résultats

Percentile par nombre de réponses

% des personnes avec chaque résultat

Votre développement - résultats

Vous n’avez pas pris ce quiz